Open Data Biblioteca Nacional de Portugal


República Portuguesa: Ministério da Cultura
Biblioteca Nacional de Portugal

Catálogo da BNP: acesso por Identificadores Unívocos
Registos Bibliográficos associados ao registo de autoridade

Etiqueta de registo: 00254nam 2200025 450
001 2287946
003 http://id.bnportugal.gov.pt/bib/catbnp/2287946
010 ## $a978-972-8491-40-6
021 ## $aPT$b561882/26
100 ## $a20260616d2026 m d0pory01030103ba
101 0# $apor
102 ## $aPT
105 ## $aa e 000yy
106 ## $ar
200 1# $aDicionário de toponímia de Santarém$earruamentos do centro histórico, séculos XIX e XX$fcoord. científica António Canavarro, José Raimundo Noras
210 #9 $aSantarém$cCâmara Municipal de Santarém,$d2026
215 ## $a463 p.$cil.$d23 cm
702 #1 $aCanavarro,$bAntónio$4695$32000682
702 #1 $aNoras,$bJosé Raimundo,$f1980-$4695$31409751
801 #0 $aPT$bBN$gRPC
966 ## $lBN$mFGMON$x1
966 ## $lBN$mFGMON$x1
971 ## $cabrito$d20260616

OpendataBNP@bnportugal.pt | Mais informação sobre acesso aos dados BNP